000 00955cam a2200253 a 4500
001 21914
003 BD-RjUL
005 20211209000738.0
008 140305r19641949enk 001 0 eng d
035 _a(BD-RjUL)21979
040 _aANL
_beng
_cANL
_dBD-RjUL
041 _aeng
082 0 0 _a891.709
_bMIH 1964
100 1 _aMirsky, D. S.,
_d1890-1939.
_967655
245 1 2 _aA history of Russian literature :
_bcomprising A history of Russian literature and Contemporary Russian literature /
_cD.S. Mirsky ; edited and abridged by Francis J. Whitfield
260 _aLondon :
_bRoutledge & Kegan Paul,
_cc1959 [Reprinted 1964].
300 _axi, 518 p. , xxiv ;
_c22 cm.
504 _aBibliography: pp. 517-518
504 _aIncludes index.
650 0 _aRussian literature
_xHistory and criticism.
_961011
700 1 _aWhitfield, Francis J.
_q(Francis James),
_d1916-1996.
_967656
740 0 _aContemporary Russian literature
942 _2ddc
_cBK
999 _c21914
_d21914